| 000 | 01706nam a22004337a 4500 | ||
|---|---|---|---|
| 003 | CHAP | ||
| 005 | 20220329143413.0 | ||
| 008 | 090420s2008 mx r 00010 spa d | ||
| 010 | _a96078 | ||
| 011 | _a97050 | ||
| 035 | _a107710 | ||
| 040 | _cCHAP | ||
| 090 | _aTesis | ||
| 100 | 1 |
_aRomero Rodríguez, Jorge. _999657 |
|
| 245 | 1 | 0 |
_aEstado nutrimental de la vainilla en diferentes sistemas agroforestales y aislamiento de sus hongos endorizosfericos _c/por Jorge Romero Rodríguez |
| 260 |
_aChapingo, Méx. : _bEl autor, _c2008 |
||
| 300 |
_ax, 101 h. : _bilus., cuadros, gráfs. |
||
| 502 | _aTesis (M.C. en Agroforestería para el desarrollo sostenible) -- UACH. Departamento de Suelos | ||
| 530 | _aTambién disponible en línea | ||
| 590 |
_aALEPH _b10 _c20130110 _lUCH01 _h1529 |
||
| 590 |
_aBATCH-UPD _b10 _c20130110 _lUCH01 _h1354 |
||
| 590 |
_aBATCH-UPD _b10 _c20130410 _lUCH01 _h0849 |
||
| 590 |
_aBATCH-UPD _b10 _c20130913 _lUCH01 _h2213 |
||
| 590 |
_aBATCH-UPD _b10 _c20140324 _lUCH01 _h1512 |
||
| 590 |
_aBATCH-UPD _b10 _c20141002 _lUCH01 _h0839 |
||
| 590 |
_aCONVERSION _b10 _c20130109 _lUCH01 _h1353 |
||
| 650 | 1 | 4 |
_aAgroforestería _zVeracruz. _92181 |
| 650 | 1 | 4 |
_aCultivos asociados. _930370 |
| 650 | 1 | 4 |
_aPlantas _xNutrición. _988874 |
| 650 | 1 | 4 |
_aSustratos. _9110789 |
| 650 | 1 | 4 |
_aVainilla planifolia. _9117215 |
| 650 | 1 | 4 |
_aVainilla _xEnfermedades por hongos. _9117199 |
| 650 | 1 | 4 |
_aVainilla _zVeracruz. _9117211 |
| 856 |
_3Finding aid _uhttp://10.13.5.2/tesis/107710.pdf _zTeclea aqui |
||
| 901 | _aBK | ||
| 942 | _cFOLL | ||
| 949 |
_aTesis _bBC _cTES _d33724002088736 _eTS1 _gDonaciØn _h49237 _i107710 _sb |
||
| 949 |
_aTesis _bBC _cTES _d33724002088777 _eTS2 _fc.2 _gdonaciØn _h49238 _i107710 _sb |
||
| 999 |
_c96078 _d96078 |
||